| 000 | 00601cam a22002052a 4500 | ||
|---|---|---|---|
| 001 | 018654 | ||
| 003 | AR-FADEU | ||
| 008 | 311216n1979####xxu####################dd | ||
| 020 | _a84-267-0247-3 | ||
| 092 |
_a603 _bM345v _e/EYDI/ |
||
| 100 | _aMarkus, John | ||
| 245 | _aVocabulario inglés español de electrónica y técnica nuclear | ||
| 260 | _aBarcelona | ||
| 260 | _bMarcombo | ||
| 260 | _c1979 | ||
| 300 | _a186 p | ||
| 650 | _aDICCIONARIO BILINGUE; DICCIONARIOS; ELECTRONICA-DICCIONARIOS; ENERGIA NUCLEAR; INGLES-DICCIONARIOS/REVISADO/ | ||
| 546 | _aInglés-Español | ||
| 942 | _cEYDI | ||
| 999 |
_c24385 _d24385 |
||